000 00179 a2200097 4500
020 _a9780590457774
041 _aspa
100 _aLulu Delacre
245 _aVejigante
942 _cBK
999 _c11947
_d11947